| 000 | 02027nam0a2200409 4500 | ||
|---|---|---|---|
| 001 | RU\NLR\bibl\1660030 | ||
| 005 | 20260409065244.0 | ||
| 010 |
_a978-5-91638-020-0 _9210 |
||
| 021 |
_aRU _b2010-48590 _93227 |
||
| 035 | _a(NLR Aleph) 001651321 | ||
| 035 | _a(nilc)RSL-KNO-004699425 | ||
| 090 |
_a923645 _c923645 |
||
| 100 | _a20100628d2009 k y0rusy50 ca | ||
| 101 | 0 | _arus | |
| 102 | _aRU | ||
| 105 | _aa ||||||||| | ||
| 200 | 1 |
_aОсновы управления реабилитационными ресурсами _fШошмин А.В., Мартынова Н.В., Бесстрашнова Я.К., Зима Т.В. _gФедер. мед.-биол. агентство, Федер. гос. учреждение "С.-Петерб. науч.-практ. центр мед.-социал. экспертизы, протезирования и реабилитации инвалидов им. Г.А. Альбрехта Федер. мед.-биол. агентства" |
|
| 210 |
_aСанкт-Петербург _cЗнакъ _d2009 |
||
| 215 |
_a96 с. _cил. _d21 |
||
| 320 | _aБиблиогр.: с. 94-95 (15 назв.) | ||
| 606 | 1 |
_aИнвалиды _xМедицинская помощь _92159773 _3RU\NLR\auth\661299872 |
|
| 606 |
_aРеабилитация (мед.) _3RU\NLR\auth\6620679 _9924504 |
||
| 686 |
_aР11(2)297,0 _2rubbk |
||
| 686 | _aР11(2)297 | ||
| 686 | _aР35 | ||
| 701 | 1 |
_aШошмин _bА. В. _gАлександр Владимирович _4070 |
|
| 701 | 1 |
_4070 _8rus _7ca _aМартынова _bН. С. _cканд. мед. наук _gНаталья Сергеевна _3RU\NLR\AUTH\7797629 _980555 |
|
| 701 | 1 |
_aБесстрашнова _bЯ. К. _gЯнина Константиновна _4070 |
|
| 701 | 1 |
_aЗима _bТ. В. _gТатьяна Владимировна _4070 |
|
| 801 | 0 |
_aRU _bРГБ _c20100628 _grcr |
|
| 801 | 1 |
_aRU _bРГБ _c20100628 |
|
| 801 | 2 |
_aRU _bNLR _c20100730 _grcr |
|
| 830 | _aавт. по кн. | ||
| 942 | _cBOOK | ||
| 980 | _aNB | ||